| 000 | 00482nam a22001577a 4500 | ||
|---|---|---|---|
| 003 | macl | ||
| 005 | 20190820122518.0 | ||
| 008 | 190820b xxu||||| |||| 00| 0 eng d | ||
| 040 | _cmacl | ||
| 082 | _a891.431/KOS/P | ||
| 100 |
_aकौशिक ,माधव _976348 |
||
| 245 | _aलौट आओ पार्थ | ||
| 260 |
_aदिल्ली _bसत्यसाहित्य भण्डार _c2017 |
||
| 650 |
_aकविता _976349 |
||
| 942 |
_2ddc _cHIN |
||
| 999 |
_c60810 _d60810 |
||